| 000 | 00467nam a2200193Ia 4500 | ||
|---|---|---|---|
| 003 | OSt | ||
| 005 | 20220218161559.0 | ||
| 008 | 210210b1995 xxu||||| |||| 00| 0 eng d | ||
| 040 |
_aAL _c |
||
| 041 | _aeng | ||
| 082 | _a542/171 UGC | ||
| 100 |
_aBAHL (B S) _921166 |
||
| 245 | _aAdvanced organic chemistry | ||
| 260 |
_aND _bS. Chand & Co. Ltd. _c1995 |
||
| 690 |
_aOrganic Chemistry _921167 |
||
| 700 |
_aBAHL (A) _921168 |
||
| 906 | _a049393 | ||
| 942 |
_2ddc _cBK |
||
| 999 |
_c128310 _d128310 |
||